fajnekonto - Statystyki

Ogólne statystyki
  • Ten quiz został rozwiązany 593 razy
  • Średni wynik to 10 z 10
Statystyki odpowiedzi
Odpowiedź % Poprawnych
f
100%
a
99%
j
99%
e
98%
k
98%
n
98%
n
98%
o
98%
o
98%
t
98%
Nie znaleziono quizów pasujących do podanych kryteriów
Rozkład punktacji
Procent ludzi z każdym wynikiem
Percentyl według liczby udzielonych odpowiedzi
Twoja historia wyników
Nie rozwiązałeś tego quizu